000 005510000a22001810004500
003 MACL
005 20160611123501.0
008 160611b xxu||||| |||| 00| 0 eng d
040 _aMACL
_cMACL
041 _aHindi
082 _a891.433
100 _aमुदगल, चित्रा
_954834
245 _aइस हमाम में
_cचित्रा मुदगल
260 _bप्रभात प्रकाशन
_c1987
_aनई दिल्‍ली
350 _a35
650 _aStories
_964175
942 _cHIN
_k891.433
_2ddc
999 _c28292
_d28292